000 00565nam a2200193Ia 4500
005 20250326144958.0
008 250326s9999 xx 000 0 und d
020 _a81-85985-05-7
037 _aTextbook
040 _aFMSL
_beng
_cFMSL
041 _aeng
_2eng
084 _aX8(M95):8y7 M7
_qFMSL
100 _aCANON
_9750420
245 0 _aProduction system: creative involvement of the total workplace
_cCANON
260 _aMadras
_bMadras, Productivity
_c1987
300 _axxi,230
942 _cTB
_hX8(M95):8y7 M7
999 _c1305894
_d1305894